<?xml version="1.0" encoding="UTF-8"?>
<record
    xmlns:xsi="http://www.w3.org/2001/XMLSchema-instance"
    xsi:schemaLocation="http://www.loc.gov/MARC21/slim http://www.loc.gov/standards/marcxml/schema/MARC21slim.xsd"
    xmlns="http://www.loc.gov/MARC21/slim">

  <leader>01331nam0a2200349   4500</leader>
  <controlfield tag="001">RU\NLR\bibl\1016940</controlfield>
  <controlfield tag="005">20250614233209.0</controlfield>
  <datafield tag="010" ind1=" " ind2=" ">
    <subfield code="a">5-17-008118-9</subfield>
  </datafield>
  <datafield tag="010" ind1=" " ind2=" ">
    <subfield code="a">5-271-02060-6</subfield>
  </datafield>
  <datafield tag="035" ind1=" " ind2=" ">
    <subfield code="a">(NLR Aleph) 001004507</subfield>
  </datafield>
  <datafield tag="090" ind1=" " ind2=" ">
    <subfield code="a">599555</subfield>
    <subfield code="c">599555</subfield>
  </datafield>
  <datafield tag="100" ind1=" " ind2=" ">
    <subfield code="a">20061205d2003    |||y0rusy50      ca</subfield>
  </datafield>
  <datafield tag="101" ind1="1" ind2=" ">
    <subfield code="a">rus</subfield>
    <subfield code="c">fre</subfield>
  </datafield>
  <datafield tag="102" ind1=" " ind2=" ">
    <subfield code="a">RU</subfield>
  </datafield>
  <datafield tag="105" ind1=" " ind2=" ">
    <subfield code="a">a   |||||||||</subfield>
  </datafield>
  <datafield tag="200" ind1="1" ind2=" ">
    <subfield code="a">&#x410;&#x440;&#x445;&#x438;&#x442;&#x435;&#x43A;&#x442;&#x443;&#x440;&#x430;. &#x420;&#x435;&#x43D;&#x435;&#x441;&#x441;&#x430;&#x43D;&#x441;</subfield>
    <subfield code="f">&#x411;&#x435;&#x440;&#x442;&#x440;&#x430;&#x43D; &#x416;&#x435;&#x441;&#x442;&#x430;&#x437;</subfield>
    <subfield code="g">[&#x43F;&#x435;&#x440;. &#x441; &#x444;&#x440;. &#x415;.&#x412;. &#x428;&#x443;&#x43A;&#x448;&#x438;&#x43D;&#x43E;&#x439;]</subfield>
  </datafield>
  <datafield tag="210" ind1=" " ind2=" ">
    <subfield code="a">&#x41C;&#x43E;&#x441;&#x43A;&#x432;&#x430;</subfield>
    <subfield code="c">&#x410;&#x441;&#x442;&#x440;&#x435;&#x43B;&#x44C;</subfield>
    <subfield code="d">2003</subfield>
  </datafield>
  <datafield tag="215" ind1=" " ind2=" ">
    <subfield code="a">159 &#x441;.</subfield>
    <subfield code="c">&#x438;&#x43B;., &#x446;&#x432;. &#x438;&#x43B;.</subfield>
    <subfield code="d">18</subfield>
  </datafield>
  <datafield tag="225" ind1="1" ind2=" ">
    <subfield code="a">&#x41E;&#x442;&#x43A;&#x440;&#x44B;&#x442;&#x438;&#x435;</subfield>
    <subfield code="i">&#x410;&#x440;&#x445;&#x438;&#x442;&#x435;&#x43A;&#x442;&#x443;&#x440;&#x430;</subfield>
  </datafield>
  <datafield tag="300" ind1=" " ind2=" ">
    <subfield code="a">&#x417;&#x430;&#x433;&#x43B;. &#x43E;&#x431;&#x43B;.: &#x420;&#x435;&#x43D;&#x435;&#x441;&#x441;&#x430;&#x43D;&#x441; &#x43E;&#x442; &#x411;&#x440;&#x443;&#x43D;&#x435;&#x43B;&#x43B;&#x435;&#x441;&#x43A;&#x438; &#x434;&#x43E; &#x41F;&#x430;&#x43B;&#x43B;&#x430;&#x434;&#x438;&#x43E;</subfield>
  </datafield>
  <datafield tag="300" ind1=" " ind2=" ">
    <subfield code="a">&#x41D;&#x430; &#x43E;&#x431;&#x43B;. &#x430;&#x432;&#x442;. &#x43D;&#x435; &#x443;&#x43A;&#x430;&#x437;&#x430;&#x43D;</subfield>
  </datafield>
  <datafield tag="320" ind1=" " ind2=" ">
    <subfield code="a">&#x423;&#x43A;&#x430;&#x437;. &#x438;&#x43C;&#x435;&#x43D; &#x438; &#x43D;&#x430;&#x437;&#x432;.: &#x441;. 153-158</subfield>
  </datafield>
  <datafield tag="320" ind1=" " ind2=" ">
    <subfield code="a">&#x414;&#x440;. &#x440;&#x430;&#x431;&#x43E;&#x442;&#x44B; &#x430;&#x432;&#x442;. &#x43D;&#x430; 10-&#x439; &#x441;.</subfield>
  </datafield>
  <datafield tag="512" ind1="1" ind2=" ">
    <subfield code="a">&#x420;&#x435;&#x43D;&#x435;&#x441;&#x441;&#x430;&#x43D;&#x441; &#x43E;&#x442; &#x411;&#x440;&#x443;&#x43D;&#x435;&#x43B;&#x43B;&#x435;&#x441;&#x43A;&#x438; &#x434;&#x43E; &#x41F;&#x430;&#x43B;&#x43B;&#x430;&#x434;&#x438;&#x43E;</subfield>
  </datafield>
  <datafield tag="606" ind1="1" ind2=" ">
    <subfield code="a">&#x410;&#x440;&#x445;&#x438;&#x442;&#x435;&#x43A;&#x442;&#x443;&#x440;&#x430; &#x438;&#x442;&#x430;&#x43B;&#x44C;&#x44F;&#x43D;&#x441;&#x43A;&#x430;&#x44F;</subfield>
    <subfield code="z">15 - 16 &#x432;&#x432;.</subfield>
    <subfield code="9">1020960</subfield>
    <subfield code="3">RU\NLR\auth\6672408</subfield>
  </datafield>
  <datafield tag="686" ind1=" " ind2=" ">
    <subfield code="a">&#x429;113(4&#x418;&#x442;)43</subfield>
  </datafield>
  <datafield tag="700" ind1=" " ind2="1">
    <subfield code="a">&#x416;&#x435;&#x441;&#x442;&#x430;&#x437;</subfield>
    <subfield code="b">&#x411;.</subfield>
    <subfield code="g">&#x411;&#x435;&#x440;&#x442;&#x440;&#x430;&#x43D;</subfield>
    <subfield code="4">070</subfield>
  </datafield>
  <datafield tag="801" ind1=" " ind2="0">
    <subfield code="a">RU</subfield>
    <subfield code="b">NLR</subfield>
    <subfield code="c">20061205</subfield>
    <subfield code="g">rcr</subfield>
  </datafield>
  <datafield tag="801" ind1=" " ind2="1">
    <subfield code="a">RU</subfield>
    <subfield code="b">NLR</subfield>
    <subfield code="c">20061205</subfield>
  </datafield>
  <datafield tag="942" ind1=" " ind2=" ">
    <subfield code="c">BOOK</subfield>
  </datafield>
  <datafield tag="980" ind1=" " ind2=" ">
    <subfield code="a">NB</subfield>
  </datafield>
  <datafield tag="995" ind1=" " ind2=" ">
    <subfield code="5">2006-12-05</subfield>
    <subfield code="a">ah</subfield>
    <subfield code="b">NLR01</subfield>
    <subfield code="c">NLR01</subfield>
    <subfield code="e">RF3</subfield>
    <subfield code="f">1-293098</subfield>
    <subfield code="k">2006-3/32696</subfield>
    <subfield code="o">0</subfield>
    <subfield code="p">225.80</subfield>
    <subfield code="r">BOOK</subfield>
    <subfield code="s">2006332696_</subfield>
  </datafield>
  <datafield tag="995" ind1=" " ind2=" ">
    <subfield code="5">2008-04-03</subfield>
    <subfield code="a">ah</subfield>
    <subfield code="b">NLR01</subfield>
    <subfield code="c">NLR01</subfield>
    <subfield code="e">RF3</subfield>
    <subfield code="f">2643090</subfield>
    <subfield code="k">2006-3/32696</subfield>
    <subfield code="o">0</subfield>
    <subfield code="p">321.40</subfield>
    <subfield code="r">BOOK</subfield>
    <subfield code="s">2006332696_</subfield>
  </datafield>
</record>
